<?xml version="1.0" encoding="UTF-8"?>
<record
    xmlns:xsi="http://www.w3.org/2001/XMLSchema-instance"
    xsi:schemaLocation="http://www.loc.gov/MARC21/slim http://www.loc.gov/standards/marcxml/schema/MARC21slim.xsd"
    xmlns="http://www.loc.gov/MARC21/slim">

  <leader>02150nam a22003617a 4500</leader>
  <controlfield tag="005">2011080406576.0</controlfield>
  <controlfield tag="008">090728t        xxu||||| |||| 00| 0 pun d</controlfield>
  <datafield tag="010" ind1=" " ind2=" ">
    <subfield code="a">PUN-6964     B-465310-314</subfield>
  </datafield>
  <datafield tag="020" ind1=" " ind2=" ">
    <subfield code="c">150.00</subfield>
    <subfield code="a">9789380210100</subfield>
  </datafield>
  <datafield tag="035" ind1=" " ind2=" ">
    <subfield code="a">PN-6082     B-465310-314</subfield>
  </datafield>
  <datafield tag="037" ind1=" " ind2=" ">
    <subfield code="b">DBAD / PUB</subfield>
  </datafield>
  <datafield tag="037" ind1=" " ind2=" ">
    <subfield code="b">KKP/Vender</subfield>
  </datafield>
  <datafield tag="040" ind1=" " ind2=" ">
    <subfield code="a">dpl</subfield>
    <subfield code="b">pn</subfield>
  </datafield>
  <datafield tag="082" ind1=" " ind2=" ">
    <subfield code="a">260</subfield>
  </datafield>
  <datafield tag="100" ind1=" " ind2=" ">
    <subfield code="9">24414</subfield>
    <subfield code="a">&#xA1C;&#xA4B;&#xA27; &#xA38;&#xA3F;&#xA70;&#xA18;</subfield>
  </datafield>
  <datafield tag="245" ind1=" " ind2=" ">
    <subfield code="a">&#xA38;&#xA24;&#xA3F;&#xA17;&#xA41;&#xA30; &#xA15;&#xA40; &#xA38;&#xA47;&#xA35;&#xA3E; &#xA17;&#xA3E;&#xA16;&#xA21;&#xA3C;&#xA40; /</subfield>
    <subfield code="c">&#xA1C;&#xA4B;&#xA27; &#xA38;&#xA3F;&#xA70;&#xA18;</subfield>
  </datafield>
  <datafield tag="246" ind1=" " ind2=" ">
    <subfield code="a">Satgur ki sewa gakhri </subfield>
    <subfield code="b">by Jodh Singh</subfield>
  </datafield>
  <datafield tag="260" ind1=" " ind2=" ">
    <subfield code="a">Patiala</subfield>
    <subfield code="b">Gurmat Prakashan</subfield>
    <subfield code="c">2011</subfield>
  </datafield>
  <datafield tag="270" ind1=" " ind2=" ">
    <subfield code="a">LIG-13, Phase-1,Urban Estate, </subfield>
    <subfield code="b">Patiala</subfield>
    <subfield code="e">147002</subfield>
    <subfield code="k">09815616558</subfield>
  </datafield>
  <datafield tag="300" ind1="4" ind2=" ">
    <subfield code="a">149&#xA38;&#xA2B;&#xA47;</subfield>
    <subfield code="c">22&#xA38;&#xA47;&#xA2E;&#xA40; (&#xA38;&#xA1C;&#xA3F;&#xA32;&#xA71;&#xA26;)</subfield>
  </datafield>
  <datafield tag="600" ind1=" " ind2=" ">
    <subfield code="9">31401</subfield>
  </datafield>
  <datafield tag="650" ind1=" " ind2=" ">
    <subfield code="9">24412</subfield>
  </datafield>
  <datafield tag="650" ind1=" " ind2=" ">
    <subfield code="9">24431</subfield>
  </datafield>
  <datafield tag="700" ind1=" " ind2=" ">
    <subfield code="9">31690</subfield>
  </datafield>
  <datafield tag="942" ind1=" " ind2=" ">
    <subfield code="2">ddc</subfield>
    <subfield code="c">PN</subfield>
    <subfield code="h">260</subfield>
    <subfield code="m">&#xA1C;&#xA4B;&#xA27;&#xA38;&#xA3F;&#xA70;</subfield>
  </datafield>
  <datafield tag="999" ind1=" " ind2=" ">
    <subfield code="c">55313</subfield>
    <subfield code="d">55313</subfield>
  </datafield>
  <datafield tag="952" ind1=" " ind2=" ">
    <subfield code="0">0</subfield>
    <subfield code="1">0</subfield>
    <subfield code="2">ddc</subfield>
    <subfield code="4">0</subfield>
    <subfield code="7">0</subfield>
    <subfield code="8">NFIC</subfield>
    <subfield code="a">DBAD</subfield>
    <subfield code="b">DBAD</subfield>
    <subfield code="d">2011-08-12</subfield>
    <subfield code="e">DBAD/PUB</subfield>
    <subfield code="g">150.00</subfield>
    <subfield code="l">0</subfield>
    <subfield code="o">260 &#xA1C;&#xA4B;&#xA27;&#xA38;&#xA3F;&#xA70;</subfield>
    <subfield code="p">PN-6082</subfield>
    <subfield code="r">2011-08-12 00:00:00</subfield>
    <subfield code="t">1</subfield>
    <subfield code="v">150.00</subfield>
    <subfield code="w">2011-08-12</subfield>
    <subfield code="y">PN</subfield>
  </datafield>
  <datafield tag="952" ind1=" " ind2=" ">
    <subfield code="0">0</subfield>
    <subfield code="1">0</subfield>
    <subfield code="2">ddc</subfield>
    <subfield code="4">0</subfield>
    <subfield code="7">0</subfield>
    <subfield code="8">NFIC</subfield>
    <subfield code="a">L</subfield>
    <subfield code="b">L</subfield>
    <subfield code="d">2012-06-13</subfield>
    <subfield code="e">KKP/7/17.2.12/BL1841/11.3.12/21.3.12</subfield>
    <subfield code="g">150.00</subfield>
    <subfield code="l">3</subfield>
    <subfield code="m">4</subfield>
    <subfield code="o">260 &#xA1C;&#xA4B;&#xA27;&#xA38;&#xA3F;&#xA70;</subfield>
    <subfield code="p">B-465310</subfield>
    <subfield code="r">2019-02-24 00:00:00</subfield>
    <subfield code="s">2019-01-12</subfield>
    <subfield code="t">1</subfield>
    <subfield code="v">150.00</subfield>
    <subfield code="w">2012-06-13</subfield>
    <subfield code="y">PN</subfield>
  </datafield>
  <datafield tag="952" ind1=" " ind2=" ">
    <subfield code="0">0</subfield>
    <subfield code="1">0</subfield>
    <subfield code="2">ddc</subfield>
    <subfield code="4">0</subfield>
    <subfield code="7">0</subfield>
    <subfield code="8">NFIC</subfield>
    <subfield code="a">M</subfield>
    <subfield code="b">M</subfield>
    <subfield code="d">2012-06-13</subfield>
    <subfield code="e">KKP/7/17.2.12/BL1841/11.3.12/21.3.12</subfield>
    <subfield code="g">150.00</subfield>
    <subfield code="l">0</subfield>
    <subfield code="o">260 &#xA1C;&#xA4B;&#xA27;&#xA38;&#xA3F;&#xA70;</subfield>
    <subfield code="p">B-465311</subfield>
    <subfield code="r">2012-06-13 00:00:00</subfield>
    <subfield code="t">1</subfield>
    <subfield code="v">150.00</subfield>
    <subfield code="w">2012-06-13</subfield>
    <subfield code="y">PN</subfield>
  </datafield>
  <datafield tag="952" ind1=" " ind2=" ">
    <subfield code="0">0</subfield>
    <subfield code="1">0</subfield>
    <subfield code="2">ddc</subfield>
    <subfield code="4">0</subfield>
    <subfield code="7">0</subfield>
    <subfield code="8">NFIC</subfield>
    <subfield code="a">M</subfield>
    <subfield code="b">M</subfield>
    <subfield code="d">2012-06-13</subfield>
    <subfield code="e">KKP/7/17.2.12/BL1841/11.3.12/21.3.12</subfield>
    <subfield code="g">150.00</subfield>
    <subfield code="l">0</subfield>
    <subfield code="o">260 &#xA1C;&#xA4B;&#xA27;&#xA38;&#xA3F;&#xA70;</subfield>
    <subfield code="p">B-465312</subfield>
    <subfield code="r">2012-06-13 00:00:00</subfield>
    <subfield code="t">1</subfield>
    <subfield code="v">150.00</subfield>
    <subfield code="w">2012-06-13</subfield>
    <subfield code="y">PN</subfield>
  </datafield>
  <datafield tag="952" ind1=" " ind2=" ">
    <subfield code="0">0</subfield>
    <subfield code="1">0</subfield>
    <subfield code="2">ddc</subfield>
    <subfield code="4">0</subfield>
    <subfield code="7">0</subfield>
    <subfield code="8">NFIC</subfield>
    <subfield code="a">JP</subfield>
    <subfield code="b">JP</subfield>
    <subfield code="d">2012-06-13</subfield>
    <subfield code="e">KKP/7/17.2.12/BL1841/11.3.12/21.3.12</subfield>
    <subfield code="g">150.00</subfield>
    <subfield code="l">2</subfield>
    <subfield code="o">260 &#xA1C;&#xA4B;&#xA27;&#xA38;&#xA3F;&#xA70;</subfield>
    <subfield code="p">B-465313</subfield>
    <subfield code="r">2018-06-29 00:00:00</subfield>
    <subfield code="s">2015-12-22</subfield>
    <subfield code="t">1</subfield>
    <subfield code="v">150.00</subfield>
    <subfield code="w">2012-06-13</subfield>
    <subfield code="y">PN</subfield>
  </datafield>
  <datafield tag="952" ind1=" " ind2=" ">
    <subfield code="0">0</subfield>
    <subfield code="1">0</subfield>
    <subfield code="2">ddc</subfield>
    <subfield code="4">0</subfield>
    <subfield code="7">0</subfield>
    <subfield code="8">NFIC</subfield>
    <subfield code="a">VP</subfield>
    <subfield code="b">VP</subfield>
    <subfield code="d">2012-06-13</subfield>
    <subfield code="e">KKP/7/17.2.12/BL1841/11.3.12/21.3.12</subfield>
    <subfield code="g">150.00</subfield>
    <subfield code="l">3</subfield>
    <subfield code="o">260 &#xA1C;&#xA4B;&#xA27;&#xA38;&#xA3F;&#xA70;</subfield>
    <subfield code="p">B-465314</subfield>
    <subfield code="r">2014-06-16 00:00:00</subfield>
    <subfield code="s">2014-06-02</subfield>
    <subfield code="t">1</subfield>
    <subfield code="v">150.00</subfield>
    <subfield code="w">2012-06-13</subfield>
    <subfield code="y">PN</subfield>
  </datafield>
</record>
